000 00780nam a2200241 i 4500
001 bg
100 1 _aHENECZKOWSKI, Maciej
245 1 0 _aTechnologia przetwórstwa tworzyw sztucznych :
_bz przykładami ćwiczeń laboratoryjnych /
_cMaciej Heneczkowski, Mariusz Oleksy, Joanna Wojturska.
260 _aRzeszów :
_bOficyna Wydaw. Politechniki Rzeszowskiej,
_c1999.
300 _a270 s. :
_brys., wykr. ;
_c24 cm.
504 _aBibliogr.s.267-269.
650 9 _aTworzywa sztuczne
_xtechnologia
655 _aPodręczniki akademickie
700 1 _aOLEKSY, Mariusz
700 1 _aWOJTURSKA, Joanna
020 _a8371990766
040 _cBPK
041 0 _apl
080 _a678(075.8)
920 _a83-7199-076-6
942 _cKS
008 s pl f |000 0 pol
999 _c34592
_d34592
856 _uhttp://koha.tu.koszalin.pl/cgi-bin/koha/opac-detail.pl?biblionumber=34592
_yKatalog online BPK